000
00284nam a22001337a 4500
020
_a
9788126537884
082
_a
658.15
100
_a
Damodaran,Aswath
245
_a
Applied corporate finance
250
_a
3rd
260
_a
New Delhi
_b
Wiley
_c
2011
300
_a
738
942
_c
BK
999
_c
2488
_d
2488